000 02624cam a22005414i 4500
003 PE-LiUPU
005 20250731173151.0
008 150623s2003 miu rb 000 0 eng d
020 _a0801026261
035 _a(Sirsi) i9780801026263
040 _aPE-LiUPU
_bspa
_cPE-LiUPU
_erda
049 _aPRUA
082 0 4 _a266.001
_bG55
_221
100 1 _aGlasser, Arthur F.,
_eautor.
245 1 0 _aAnnouncing the kingdom :
_bthe story of God's mission in the bible /
_cArthur F. Glasser.
264 1 _aMichigan :
_bBaker Academic,
_c2003.
300 _a400 páginas ;
_c23 centímetros
336 _atext
_2rdacontent
337 _aunmediated
_2rdamedia
338 _avolume
_2rdacarrier
504 _aIncluye bibliografía.
505 0 _aGod's mission in the beginning -- God's mission through israel -- God's mission among the nations -- God's mission through jesus the Christ -- God's mission through the holy spirit by the church -- God's mission extendes to the en of time.
526 _aSEG42
526 _aSEG41
526 _aSEG40
526 _aSEG39
526 _aP94
526 _aP87
526 _aP86
526 _aP85
526 _aP77
526 _aP76
526 _aP35
541 _g1057695742-4939426;
541 _g1057695742-4939426;
650 1 4 _aMisión de la iglesia.
650 2 4 _aMisiones
_xEnseñanza bíblica.
942 _2ddc
_cBOOK
949 _a266.001 G55
_wDEWEY
_c1
_i53457
_lCCODEBUL1
_mBUL
_p20.00
_r0
_sY
_tBOOK
_u2015-6-24
_xTEOLOGIA
_PP35
_0COMPRA
_o.STAFF. Colección Teología
949 _a266.001 G55
_wDEWEY
_c2
_i59375
_d2016-12-22
_e2016-12-22
_kCHECKEDOUT
_lCCODEBUL1
_mBUL
_n1
_p19.00
_rM
_sY
_tBOOK
_u2015-6-24
_xTEOLOGIA
_PP35
_0COMPRA
_o.STAFF. Colección General
949 _a266.001 G55
_wDEWEY
_c3
_i59376
_lCCODEBUL1
_mBUL
_p33.00
_r0
_sY
_tBOOK
_u2015-6-24
_xTEOLOGIA
_PP35
_0COMPRA
_o.STAFF. Colección Teología
994 _aC0
_bPEPRU
596 _a1
999 _a266.001 G55
_wDEWEY
_c35430
_i53457
_f2021-11-10
_g5
_lCCODEBUL1
_mBUL
_p20.00
_q1
_r0
_sY
_tBOOK
_u2015-6-24
_xTEOLOGIA
_PP35
_0COMPRA
_o.STAFF. Colección Teología
_d35430
999 _a266.001 G55
_wDEWEY
_c2
_i59375
_d2016-12-22
_e2016-12-22
_f2021-11-10
_g5
_kCHECKEDOUT
_lCCODEBUL1
_mBUL
_n1
_p19.00
_q1
_r0
_sY
_tBOOK
_u2015-6-24
_xTEOLOGIA
_PP35
_0COMPRA
_o.STAFF. Colección Teología
999 _a266.001 G55
_wDEWEY
_c3
_i59376
_d2018-8-1
_e2017-10-26
_f2021-11-10
_g5
_lCCODEBUL1
_mBUL
_n1
_p33.00
_q4
_r0
_sY
_tBOOK
_u2015-6-24
_xTEOLOGIA
_PP35
_0COMPRA
_o.STAFF. Colección Teología
980 _81
_gALBERTO SANCHEZ Responsable de Automatización